Countries With the Most Centenarians - Statistics

General Stats
  • This quiz has been taken 41 times
  • The average score is 13 of 15
Answer Stats
Hint Answer % Correct
48.900 China
100%
21.300 France
100%
23.700 Brazil
97%
17.000 Germany
97%
27.000 India
97%
67.800 Japan
97%
72.000 United States
97%
19.000 Italy
94%
17.400 Spain
94%
13.700 United Kingdom
94%
7.500 Canada
91%
6.800 Russia
85%
7.400 Mexico
76%
23.400 Thailand
73%
15.500 South Africa
52%
No matching quizzes found
Score Distribution
Percent of People with Each Score
Percentile by Number Answered
Your Score History
You have not taken this quiz